Digital design : (Record no. 37961)
[ view plain ]
| 000 -LEADER | |
|---|---|
| fixed length control field | 00745cam a22002534a 4500 |
| 001 - CONTROL NUMBER | |
| control field | 37961 |
| 003 - CONTROL NUMBER IDENTIFIER | |
| rucl marc code | (BD-RjUL) |
| 005 - DATE AND TIME OF LATEST TRANSACTION | |
| control field | 20211209052709.0 |
| 008 - FIXED-LENGTH DATA ELEMENTS--GENERAL INFORMATION | |
| fixed length control field | 050502s2006 njua 001 0 eng |
| 020 ## - INTERNATIONAL STANDARD BOOK NUMBER | |
| International Standard Book Number | 9788120330214 |
| International Standard Book Number | 8120330218 |
| 035 ## - SYSTEM CONTROL NUMBER | |
| System control number | (BD-RjUL) |
| 040 ## - CATALOGING SOURCE | |
| Original cataloging agency | DLC |
| Transcribing agency | (BD-RjUL) |
| Modifying agency | DLC |
| 082 00 - DEWEY DECIMAL CLASSIFICATION NUMBER | |
| Classification number | 621.395 |
| Edition number | 22 |
| Author mark and year | WAD 2006 |
| 100 1# - MAIN ENTRY--PERSONAL NAME | |
| Personal name | Wakerly, John F. |
| 9 (RLIN) | 117593 |
| 245 10 - TITLE STATEMENT | |
| Title | Digital design : |
| Remainder of title | principles and practices / |
| Statement of responsibility, etc. | John F. Wakerly. |
| 250 ## - EDITION STATEMENT | |
| Edition statement | 4th ed. |
| 260 ## - PUBLICATION, DISTRIBUTION, ETC. (IMPRINT) | |
| Place of publication, distribution, etc. | New Delhi,India : |
| Name of publisher, distributor, etc. | Prentice Hall, |
| Date of publication, distribution, etc. | c2006. |
| 300 ## - PHYSICAL DESCRIPTION | |
| Pagination | xxi, 895 p. : |
| Illustrations | ill. ; |
| Size | 24 cm. |
| 500 ## - GENERAL NOTE | |
| General note | Includes index. |
| 650 #0 - SUBJECT ADDED ENTRY--TOPICAL TERM | |
| Topical term or geographic name as entry element | Digital integrated circuits |
| General subdivision | Design and construction. |
| 9 (RLIN) | 117594 |
| 942 ## - ADDED ENTRY ELEMENTS (KOHA) | |
| Source of classification or shelving scheme | Dewey Decimal Classification |
| Koha item type | Books |
| Lost status | Source of classification or shelving scheme | Damaged status | Not for loan | Permanent Location | Current Location | Shelving location | Date acquired | Total Checkouts | Full call number | Date last seen | Copy number | Koha item type |
|---|---|---|---|---|---|---|---|---|---|---|---|---|
| Dewey Decimal Classification | Not For Loan | Department of Information and Communication Engineering (ICE) Library | Department of Information and Communication Engineering (ICE) Library | Seminar Library | 19/08/2015 | 621.395 WAD 2006 | 19/08/2015 | C.1 | Books |